Normal view
MARC view
- Ahmad, Rabia (00000170033)
Entry Personal Name
001 - CONTROL NUMBER
- control field: 118428
003 - CONTROL NUMBER IDENTIFIER
- control field: NUST
005 - DATE AND TIME OF LATEST TRANSACTION
- control field: 20231009113130.0
008 - FIXED-LENGTH DATA ELEMENTS
- fixed length control field: 231009|| aca||aabn | a|a d
040 ## - CATALOGING SOURCE
- Original cataloging agency: NUST
- Transcribing agency: NUST
100 ## - HEADING--PERSONAL NAME
- Personal name: Ahmad, Rabia (00000170033)
670 ## - SOURCE DATA FOUND
- Source citation: Work cat.: (NUST)601679: Ahmad, Rabia (00000170033), Heterostructure ZIF-derived Nanoporous Carbon-based Electrode Materials for Supercapacitors /, 2022
